[Event "2BLO 2122 SK Passau - SG 1871 Löberitz"]
[Site "?"]
[Date "2022.03.05"]
[Round "1.1"]
[White "Stein, Robert"]
[Black "Diermair, Andreas"]
[Result "1/2-1/2"]
[WhiteElo "2360"]
[BlackElo "2473"]
[PlyCount "102"]
[EventDate "2022.??.??"]

1. d4 d5 2. c4 e6 3. Nf3 Nf6 4. g3 Bb4+ 5. Bd2 Bd6 6. Bg2 O-O 7. O-O c6 8. Qb3
Nbd7 9. Bb4 Bxb4 10. Qxb4 b6 11. cxd5 cxd5 12. Rc1 Bb7 13. Nc3 Nb8 14. Ne5 Nc6
15. Nxc6 Bxc6 16. Ne4 dxe4 17. Rxc6 Rc8 18. Rac1 Qd7 19. Qa4 Rxc6 20. Rxc6 h5
21. Qc4 e3 22. fxe3 Nd5 23. Kf2 h4 24. Bf3 Rd8 25. a3 f5 26. b4 Qe7 27. Rc8
hxg3+ 28. hxg3 Kh7 29. Bxd5 Rxd5 30. Qc6 Rd7 31. b5 Kg6 32. a4 Kf7 33. Qh1 Kg6
34. Rh8 Qg5 35. Qh7+ Kf6 36. Qg8 Rf7 37. Qc8 Qg4 38. Re8 Qe4 39. Qd8+ Kg6 40.
Qd6 Kf6 41. Qd8+ Kg6 42. Qc8 Kf6 43. Qc4 g5 44. Qc8 f4 45. Qd8+ Kf5 46. exf4
gxf4 47. g4+ Kxg4 48. Rg8+ Kh3 49. Qg5 Qxd4+ 50. Kf1 Qd1+ 51. Kf2 Qd4+ 1/2-1/2

[Event "2BLO 2122 SK Passau - SG 1871 Löberitz"]
[Site "?"]
[Date "2022.03.05"]
[Round "1.2"]
[White "Schmidt, Peter"]
[Black "Pallas, Sebastian"]
[Result "1/2-1/2"]
[WhiteElo "2402"]
[BlackElo "2226"]
[PlyCount "37"]
[EventDate "2022.??.??"]

1. Nf3 Nf6 2. g3 g6 3. b3 Bg7 4. Bb2 O-O 5. Bg2 d5 6. c4 c6 7. O-O Re8 8. Qc2
Bg4 9. d3 Bxf3 10. Bxf3 e6 11. Nd2 Nfd7 12. d4 Na6 13. Rad1 Rc8 14. e4 Nf6 15.
Bg2 dxe4 16. Nxe4 Nxe4 17. Bxe4 Qe7 18. Rfe1 c5 19. dxc5 1/2-1/2

[Event "2BLO 2122 SK Passau - SG 1871 Löberitz"]
[Site "?"]
[Date "2022.03.05"]
[Round "1.3"]
[White "Niegsch, Nicolas"]
[Black "Schwabeneder, Florian"]
[Result "0-1"]
[WhiteElo "2299"]
[BlackElo "2439"]
[PlyCount "84"]
[EventDate "2022.??.??"]

1. d4 d5 2. c4 e6 3. Nc3 Nf6 4. Bg5 Be7 5. e3 O-O 6. Nf3 h6 7. Bxf6 Bxf6 8. Rc1
b6 9. h4 g6 10. h5 g5 11. cxd5 exd5 12. Bd3 Bb7 13. O-O Re8 14. Qb3 c6 15. e4
g4 16. Nh2 Bxd4 17. Ne2 Bg7 18. Nxg4 Qg5 19. Ne3 dxe4 20. Bc4 Re7 21. Rfd1 Na6
22. Bxf7+ Kh8 23. Rd6 Nc5 24. Rxc5 Qxc5 25. Rg6 Rd8 26. Nf4 Rf8 27. Ne6 Qc1+
28. Kh2 Be5+ 29. g3 Rfxf7 30. Rxh6+ Rh7 31. Ng5 Rxh6 32. Nf7+ Rxf7 33. Qxf7 Qc5
34. Qe8+ Kh7 35. Ng4 Bg7 36. Nxh6 Qxf2+ 37. Kh3 Bc8+ 38. Qxc8 Bxh6 39. Qd7+ Bg7
40. h6 Qf1+ 41. Kh2 Qe2+ 42. Kg1 Qe3+ 0-1

[Event "2BLO 2122 SK Passau - SG 1871 Löberitz"]
[Site "?"]
[Date "2022.03.05"]
[Round "1.4"]
[White "Leisch, Lukas"]
[Black "Reizniece-Ozola, Dana"]
[Result "1-0"]
[WhiteElo "2403"]
[BlackElo "2283"]
[PlyCount "102"]
[EventDate "2022.??.??"]

1. c4 Nf6 2. g3 g6 3. Bg2 Bg7 4. Nc3 O-O 5. d4 d6 6. Nf3 Nc6 7. O-O a6 8. b3
Rb8 9. d5 Na5 10. Bg5 c5 11. dxc6 Nxc6 12. Rc1 Bd7 13. h3 h6 14. Be3 b5 15. Nd5
Kh7 16. Nxf6+ Bxf6 17. Qd2 Bg7 18. c5 dxc5 19. Rxc5 Be8 20. Ng5+ hxg5 21. Bxc6
Qxd2 22. Bxd2 Bd4 23. Rc2 Bf6 24. Bb4 Kg7 25. Rfc1 Rb6 26. Bd5 Bd7 27. g4 Rh8
28. Rc7 Be6 29. Bg2 Rd8 30. Ra7 Rd7 31. Rxd7 Bxd7 32. Rc7 Be6 33. Ra7 Rb8 34.
Rxa6 Rd8 35. Bc6 Rd4 36. Bc5 Rd1+ 37. Kg2 Rc1 38. b4 Rc2 39. Bxb5 Bxa2 40. Bd3
Bd5+ 41. f3 Rc3 42. Kf2 Kg8 43. Be3 Kf8 44. Ra5 e6 45. Rc5 Rb3 46. Rc8+ Ke7 47.
Bb5 Bc3 48. Bxg5+ f6 49. Rc7+ Kd8 50. Rxc3 fxg5 51. Rxb3 Bxb3 1-0

[Event "2BLO 2122 SK Passau - SG 1871 Löberitz"]
[Site "?"]
[Date "2022.03.05"]
[Round "1.5"]
[White "Schuetze, Norman"]
[Black "Weiss, Christian"]
[Result "1/2-1/2"]
[WhiteElo "2292"]
[BlackElo "2378"]
[PlyCount "85"]
[EventDate "2022.??.??"]

1. e4 c5 2. Nf3 e6 3. d4 cxd4 4. Nxd4 a6 5. Bd3 Nf6 6. O-O Qc7 7. Qe2 d6 8. f4
Be7 9. c4 b6 10. b3 Bb7 11. Bb2 Nc6 12. Nxc6 Bxc6 13. Nd2 e5 14. Rae1 Nd7 15.
Nb1 Bf6 16. Nc3 exf4 17. Nd5 Bxd5 18. exd5+ Be5 19. Bf5 O-O 20. Bxd7 Bxb2 21.
Qxb2 Qxd7 22. Rxf4 Rae8 23. Rfe4 Rxe4 24. Rxe4 Re8 25. Qd4 Rxe4 26. Qxe4 g6 27.
Qd4 Qc7 28. b4 a5 29. a3 axb4 30. axb4 h5 31. h3 Kf8 32. Qf6 Ke8 33. Kf2 Qxc4
34. Qxd6 Qd4+ 35. Kf3 Qd3+ 36. Kf4 Qd2+ 37. Kg3 g5 38. Qe5+ Kd7 39. Qf5+ Kc7
40. Qe5+ Kd7 41. Qf5+ Ke7 42. Qe5+ Kd7 43. Qf5+ 1/2-1/2

[Event "2BLO 2122 SK Passau - SG 1871 Löberitz"]
[Site "?"]
[Date "2022.03.05"]
[Round "1.6"]
[White "Wisnet, Dominic"]
[Black "Post, Hugo"]
[Result "1-0"]
[WhiteElo "2332"]
[BlackElo "2133"]
[PlyCount "117"]
[EventDate "2022.??.??"]

1. Nf3 Nf6 2. c4 e6 3. g3 d5 4. Bg2 dxc4 5. Qa4+ Bd7 6. Qxc4 c5 7. Ne5 Nc6 8.
Nxd7 Qxd7 9. b3 Rc8 10. Bb2 Be7 11. d3 O-O 12. Nd2 Rfd8 13. a3 Nd4 14. Rd1 Ng4
15. h3 Ne5 16. Qc3 f5 17. f4 Qd6 18. Kf2 Nd7 19. Rhe1 Bf6 20. Qc1 b5 21. e3 Nc6
22. Nf3 Na5 23. Qc2 Qb6 24. Bxf6 gxf6 25. g4 fxg4 26. hxg4 e5 27. Kg3 b4 28. a4
Qe6 29. Nd2 Nb6 30. Be4 Rc7 31. Bf5 Qe7 32. Nc4 Naxc4 33. dxc4 Rxd1 34. Qxd1 a5
35. Kf3 Rc6 36. Rh1 exf4 37. exf4 Rd6 38. Rxh7 Rxd1 39. Rxe7 Rc1 40. Rb7 Rc3+
41. Ke2 Nxa4 42. bxa4 Ra3 43. Rb5 Rxa4 44. Rxc5 b3 45. Rb5 Ra2+ 46. Kd3 a4 47.
c5 Rc2 48. Kd4 Rc1 49. Kd5 a3 50. Rxb3 a2 51. Ra3 a1=Q 52. Rxa1 Rxa1 53. c6 Rc1
54. Kd6 Rd1+ 55. Ke7 Rc1 56. Bd7 Kg7 57. Kd8 f5 58. c7 fxg4 59. Bxg4 1-0

[Event "2BLO 2122 SK Passau - SG 1871 Löberitz"]
[Site "?"]
[Date "2022.03.05"]
[Round "1.7"]
[White "Mertens, Fridolin"]
[Black "Testor, Sebastian"]
[Result "0-1"]
[WhiteElo "2130"]
[BlackElo "2323"]
[PlyCount "84"]
[EventDate "2022.??.??"]

1. e4 e6 2. d4 d5 3. e5 c5 4. c3 Qb6 5. Nf3 Nc6 6. Bd3 cxd4 7. O-O Bd7 8. Re1
Nh6 9. a3 Be7 10. b4 f5 11. b5 Na5 12. Nxd4 O-O-O 13. a4 Kb8 14. Ba3 Bc5 15.
Bxc5 Qxc5 16. Re2 Rc8 17. Rc2 Rc7 18. Qc1 Rhc8 19. Qg5 Qf8 20. Rc1 Nc4 21. f4
Nf7 22. Qh5 Qg8 23. Kh1 g6 24. Qf3 Qf8 25. Ra2 Qe7 26. Qf2 g5 27. g3 Nh8 28. a5
Rc5 29. Bxc4 Rxc4 30. Rac2 gxf4 31. gxf4 Ng6 32. Nd2 Ra4 33. a6 Qh4 34. Qxh4
Nxh4 35. axb7 Kxb7 36. c4 Ng6 37. N2b3 dxc4 38. Rxc4 Rcxc4 39. Rxc4 Rxc4 40.
Na5+ Kb6 41. Nxc4+ Kc5 42. b6 Kxd4 0-1

[Event "2BLO 2122 SK Passau - SG 1871 Löberitz"]
[Site "?"]
[Date "2022.03.05"]
[Round "1.8"]
[White "Pflug, Matthias"]
[Black "Boehm, Christian"]
[Result "1/2-1/2"]
[WhiteElo "2275"]
[BlackElo "2075"]
[PlyCount "56"]
[EventDate "2022.??.??"]

1. e4 c6 2. d4 d5 3. Nc3 dxe4 4. Nxe4 Nf6 5. Nxf6+ exf6 6. Nf3 Bd6 7. Be3 Bf5
8. Qd2 O-O 9. Be2 Na6 10. O-O Qc7 11. c4 Rad8 12. Kh1 Be4 13. Rfd1 Rfe8 14. g3
Nb4 15. Rdc1 c5 16. d5 b5 17. a3 Nd3 18. Bxd3 Bxf3+ 19. Kg1 bxc4 20. Bxc4 Qb7
21. b4 cxb4 22. axb4 Qxb4 23. Qxb4 Bxb4 24. Rxa7 Rxe3 25. fxe3 Bc5 26. Kf2 Bxa7
27. Kxf3 Kf8 28. Re1 Bc5 1/2-1/2

[Event "2BLO 2122 SC Bavaria Regensburg 1881 - "]
[Site "?"]
[Date "2022.03.05"]
[Round "1.1"]
[White "Prohaszka, Peter"]
[Black "Stocek, Jiri"]
[Result "1-0"]
[WhiteElo "2573"]
[BlackElo "2555"]
[PlyCount "153"]
[EventDate "2022.??.??"]

1. d4 Nf6 2. c4 e6 3. Nf3 b6 4. g3 Bb7 5. Bg2 Bb4+ 6. Bd2 a5 7. O-O O-O 8. Bg5
Be7 9. Qc2 h6 10. Bxf6 Bxf6 11. e4 Qc8 12. Nc3 d6 13. Rfe1 Re8 14. h4 e5 15. d5
c6 16. Rad1 Be7 17. Re3 Na6 18. Bf1 Rb8 19. a3 Nc7 20. Kh2 Bf8 21. Bh3 Qd8 22.
b4 axb4 23. axb4 cxd5 24. cxd5 Bc8 25. Ne2 Bxh3 26. Kxh3 Qd7+ 27. Kg2 Rec8 28.
Rc3 Na6 29. Rc1 Rxc3 30. Nxc3 Nxb4 31. Qe2 Rc8 32. Rb1 Rxc3 33. Rxb4 Qc7 34.
Qb5 Qc5 35. Qxb6 Qxb6 36. Rxb6 Rc4 37. h5 Be7 38. Rb8+ Kh7 39. Rb7 Bf6 40. Rxf7
Rxe4 41. Rd7 Re2 42. Nh2 e4 43. Ng4 Bd4 44. Rxd6 Rd2 45. Kf1 Kg8 46. Rc6 Kf8
47. Ke1 Ra2 48. Rc8+ Ke7 49. Rc4 Ra1+ 50. Ke2 Ra2+ 51. Kf1 Ra1+ 52. Kg2 Rd1 53.
Rc6 Kd7 54. Re6 Re1 55. Ne5+ Bxe5 56. Rxe5 Kd6 57. Re6+ Kxd5 58. Re7 Re2 59.
Kf1 Ra2 60. Rd7+ Ke5 61. Rxg7 e3 62. Re7+ Kf5 63. Rxe3 Kg4 64. Re5 Kf3 65. Kg1
Ra1+ 66. Kh2 Kg4 67. Kg2 Ra2 68. Rc5 Rb2 69. Ra5 Rc2 70. Kf1 Kf3 71. Kg1 Kg4
72. Ra8 Kf3 73. Ra4 Rc1+ 74. Kh2 Kxf2 75. Rf4+ Ke3 76. Rf6 Rc5 77. Rxh6 1-0

[Event "2BLO 2122 SC Bavaria Regensburg 1881 - "]
[Site "?"]
[Date "2022.03.05"]
[Round "1.2"]
[White "Kaczur, Florian"]
[Black "Antal, Gergely"]
[Result "1/2-1/2"]
[WhiteElo "2482"]
[BlackElo "2564"]
[PlyCount "48"]
[EventDate "2022.??.??"]

1. e4 c6 2. d4 d5 3. exd5 cxd5 4. Nf3 Nc6 5. c3 Nf6 6. Ne5 g6 7. Bb5 Bd7 8.
Nxd7 Qxd7 9. O-O Bg7 10. Nd2 a6 11. Bd3 O-O 12. Qe2 Qd6 13. Nf3 Nd7 14. Be3
Rfe8 15. Rfd1 Rad8 16. Rd2 e5 17. dxe5 Ndxe5 18. h3 Qc7 19. Re1 Nxf3+ 20. Qxf3
d4 21. cxd4 Bxd4 22. Rde2 Bxe3 23. Rxe3 Rxe3 24. Qxe3 Qd6 1/2-1/2

[Event "2BLO 2122 SC Bavaria Regensburg 1881 - "]
[Site "?"]
[Date "2022.03.05"]
[Round "1.3"]
[White "Slobodjan, Roman"]
[Black "Schneider, Jana"]
[Result "0-1"]
[WhiteElo "2459"]
[BlackElo "2266"]
[PlyCount "156"]
[EventDate "2022.??.??"]

1. e4 e5 2. Nf3 Nc6 3. d4 exd4 4. Bc4 Bc5 5. c3 Nf6 6. e5 d5 7. Bb5 Ne4 8. cxd4
Bb6 9. Be3 O-O 10. Nc3 Bf5 11. O-O Ne7 12. Nh4 f6 13. Na4 fxe5 14. Nxb6 axb6
15. dxe5 Nc5 16. g4 Be6 17. f4 d4 18. Qxd4 Qxd4 19. Bxd4 Bxg4 20. Rac1 Rad8 21.
Bxc5 bxc5 22. Rxc5 Bh3 23. Rf3 Rd1+ 24. Kf2 Bg4 25. Bc4+ Kh8 26. Rd3 Rxf4+ 27.
Ke3 g5 28. Rxd1 Bxd1 29. Ng2 Nf5+ 30. Kd2 Rd4+ 31. Bd3 Bf3 32. e6 Nd6 33. Ke3
Rd5 34. Rc2 Rxd3+ 35. Kxd3 Be4+ 36. Kc3 Bxc2 37. Kxc2 Kg7 38. Ne3 c6 39. Ng4 h5
40. Ne5 Kf6 41. Nf3 g4 42. Nd4 c5 43. Ne2 h4 44. Nf4 Kf5 45. Ng2 h3 46. Ne3+
Kf4 47. Kd3 g3 48. hxg3+ Kf3 49. Nf1 Kf2 50. Nh2 Kg2 51. Ng4 Kxg3 52. Ne3 Kf3
53. Nf1 Nf5 54. a4 c4+ 55. Kd2 b6 56. Nh2+ Kf4 57. Nf1 Ke5 58. Kc3 Kxe6 59. Kb4
Nd6 60. b3 cxb3 61. Kxb3 Kd5 62. Kb4 Kc6 63. Nh2 Ne8 64. Kc4 Kb7 65. Kd4 Ka6
66. Ke3 Ka5 67. Kf3 Kxa4 68. Ng4 b5 69. Ne5 Nd6 70. Kg3 Nc4 71. Nd3 Kb3 72.
Kxh3 Kc3 73. Nc5 Nb6 74. Kg3 b4 75. Kf3 Kc4 76. Nb7 Kd4 77. Ke2 b3 78. Kd1 Nc4
0-1

[Event "2BLO 2122 SC Bavaria Regensburg 1881 - "]
[Site "?"]
[Date "2022.03.05"]
[Round "1.4"]
[White "Kilgus, Georg"]
[Black "Langrock, Hannes"]
[Result "0-1"]
[WhiteElo "2415"]
[BlackElo "2355"]
[PlyCount "62"]
[EventDate "2022.??.??"]

1. d4 Nf6 2. Nf3 d5 3. Bf4 e6 4. e3 Bd6 5. Nbd2 O-O 6. Bd3 b6 7. Bg5 c5 8. e4
Be7 9. dxc5 bxc5 10. e5 Nfd7 11. Bxe7 Qxe7 12. O-O c4 13. Be2 Nc6 14. b3 cxb3
15. axb3 Ndxe5 16. Nxe5 Nxe5 17. f4 Nc6 18. Nf3 a5 19. Kh1 Ba6 20. Bxa6 Rxa6
21. Ng5 g6 22. Qd3 Nb4 23. Qd2 Qf6 24. c3 Nc6 25. b4 Rb8 26. Qd3 Raa8 27. Qh3
h5 28. bxa5 Rxa5 29. Rxa5 Nxa5 30. Qe3 Nc4 31. Qc1 Rb3 0-1

[Event "2BLO 2122 SC Bavaria Regensburg 1881 - "]
[Site "?"]
[Date "2022.03.05"]
[Round "1.5"]
[White "Spiess, Gunter"]
[Black "Goldbeck, Lars"]
[Result "1/2-1/2"]
[WhiteElo "2388"]
[BlackElo "2267"]
[PlyCount "47"]
[EventDate "2022.??.??"]

1. d4 d5 2. c4 e6 3. Nc3 a6 4. cxd5 exd5 5. Nf3 h6 6. Bf4 Nf6 7. e3 Bd6 8. Bxd6
Qxd6 9. Bd3 O-O 10. h3 Nbd7 11. O-O b6 12. Re1 Bb7 13. e4 dxe4 14. Nxe4 Nxe4
15. Bxe4 Bxe4 16. Rxe4 Nf6 17. Re5 Nd5 18. Qd3 Nf4 19. Qe4 Ng6 20. Rd5 Qf4 21.
Qc2 Rad8 22. Rxd8 Rxd8 23. Rc1 Nh4 24. Nxh4 1/2-1/2

[Event "2BLO 2122 SC Bavaria Regensburg 1881 - "]
[Site "?"]
[Date "2022.03.05"]
[Round "1.7"]
[White "Pulpan, Jakub"]
[Black "Oberhofer, Cedric"]
[Result "1-0"]
[WhiteElo "2420"]
[BlackElo "2285"]
[PlyCount "69"]
[EventDate "2022.??.??"]

1. e4 c5 2. Nf3 d6 3. d4 cxd4 4. Nxd4 Nf6 5. Nc3 g6 6. Be3 Bg7 7. f3 O-O 8. Qd2
Nc6 9. Bc4 Bd7 10. Bb3 Rc8 11. h4 h5 12. O-O-O Ne5 13. Bg5 Rc5 14. g4 hxg4 15.
f4 Nc4 16. Qe2 b5 17. f5 b4 18. Nd5 Rxd5 19. exd5 Na5 20. fxg6 Nxb3+ 21. axb3
Qa5 22. Kb1 Nxd5 23. h5 Nc3+ 24. bxc3 Qxg5 25. cxb4 e5 26. h6 Bxh6 27. gxf7+
Rxf7 28. Nb5 Bxb5 29. Qxb5 Bf8 30. Qd5 Qg6 31. Rdf1 Bg7 32. Rhg1 Kf8 33. Qa8+
Ke7 34. Qxa7+ Ke6 35. Qxf7+ 1-0

[Event "2BLO 2122 SC Bavaria Regensburg 1881 - "]
[Site "?"]
[Date "2022.03.05"]
[Round "1.8"]
[White "Kleibel, Uwe"]
[Black "Cerveny, Martin"]
[Result "1/2-1/2"]
[WhiteElo "2190"]
[BlackElo "2408"]
[PlyCount "99"]
[EventDate "2022.??.??"]

1. d4 d6 2. Nf3 Nd7 3. e4 e5 4. Nc3 Ngf6 5. Rg1 c6 6. g4 exd4 7. Nxd4 Nc5 8.
Qe2 h6 9. h4 g6 10. g5 hxg5 11. hxg5 Nh5 12. Be3 Bg7 13. O-O-O Qe7 14. Bg2 Bd7
15. Qd2 O-O-O 16. Kb1 Kb8 17. Rde1 f6 18. gxf6 Nxf6 19. f3 Ka8 20. Bf1 Be8 21.
Bc4 Nfd7 22. Bg5 Bf6 23. Bxf6 Qxf6 24. Qg5 a5 25. Qxf6 Nxf6 26. Ne6 Nxe6 27.
Bxe6 Nh5 28. Rg5 b6 29. Ne2 Rf8 30. Bg4 Nf6 31. Be6 Kb8 32. Kc1 Kc7 33. Rh1 Nh5
34. Bg4 Nf6 35. Be6 Nh5 36. Bg4 c5 37. Nc3 Bf7 38. Bxh5 gxh5 39. Rg7 Kc6 40. a4
Rd7 41. Kd2 Be8 42. Rxd7 Kxd7 43. Ke3 Bf7 44. Rg1 Ke7 45. f4 Rh8 46. Rh1 Kf6
47. Rd1 Ke7 48. Rh1 Kf6 49. Rd1 Ke7 50. Rh1 1/2-1/2

[Event "2BLO 2122 FC Bayern München II - SC Er"]
[Site "?"]
[Date "2022.03.05"]
[Round "1.1"]
[White "Miller, Eduard"]
[Black "Belezky, Alexander"]
[Result "0-1"]
[WhiteElo "2351"]
[BlackElo "2348"]
[PlyCount "98"]
[EventDate "2022.??.??"]

1. d4 e6 2. c4 Bb4+ 3. Nd2 c6 4. a3 Ba5 5. Ngf3 Nf6 6. b4 Bc7 7. e4 d6 8. Bb2
Nbd7 9. Bd3 e5 10. O-O O-O 11. Qb3 Re8 12. d5 c5 13. g3 Bb6 14. b5 Nf8 15. Nh4
Bh3 16. Ng2 Ng6 17. f3 h5 18. Rf2 h4 19. Nf1 Qd7 20. Nfe3 Nh5 21. Nf5 Bxf5 22.
exf5 hxg3 23. hxg3 Nxg3 24. fxg6 Qh3 25. gxf7+ Kxf7 26. Rff1 Kg8 27. Qc2 Rf8
28. Be4 Rf6 29. Ne3 Qh1+ 30. Kf2 Qh2+ 31. Ke1 Ba5+ 32. Kd1 Nxf1 33. Nxf1 Qh3
34. Qe2 Raf8 35. Kc2 Rxf3 36. Bxf3 Rxf3 37. Rd1 Qf5+ 38. Kc1 Rf2 39. Ne3 Qf4
40. Qg4 Qxe3+ 41. Kb1 Qf3 42. Qe6+ Kh7 43. Ka2 Qxd1 44. Qh3+ Kg8 45. Qe6+ Rf7
46. Qe8+ Rf8 47. Qe6+ Kh7 48. Qh3+ Kg6 49. Qe6+ Rf6 0-1

[Event "2BLO 2122 FC Bayern München II - SC Er"]
[Site "?"]
[Date "2022.03.05"]
[Round "1.2"]
[White "Zajogin, Alexander"]
[Black "Klek, Hanna Marie"]
[Result "0-1"]
[WhiteElo "2399"]
[BlackElo "2314"]
[PlyCount "55"]
[EventDate "2022.??.??"]

1. d4 Nf6 2. c4 e6 3. Nc3 Bb4 4. e3 O-O 5. a3 Bxc3+ 6. bxc3 d5 7. cxd5 exd5 8.
Bd3 Re8 9. Ne2 Nbd7 10. O-O Nf8 11. f3 c5 12. Ng3 Ne6 13. Rb1 Qc7 14. e4 cxd4
15. cxd4 Nxd4 16. Bg5 Nd7 17. exd5 Qc5 18. Kh1 Qxd5 19. Ne4 Nb6 20. Bf6 Bf5 21.
Rb4 Nc6 22. Rb5 Qe6 23. Ng5 Qxf6 24. Rxf5 Qe7 25. f4 h6 26. Rxf7 Qxa3 27. Bh7+
Kh8 28. Qb1 0-1

[Event "2BLO 2122 FC Bayern München II - SC Er"]
[Site "?"]
[Date "2022.03.05"]
[Round "1.3"]
[White "Mijovic, Stefan"]
[Black "Grafl, Florian"]
[Result "0-1"]
[WhiteElo "2407"]
[BlackElo "2343"]
[PlyCount "84"]
[EventDate "2022.??.??"]

1. c4 b6 2. Nc3 Bb7 3. e4 e5 4. Nf3 Nc6 5. d4 exd4 6. Nxd4 Bb4 7. f3 Qh4+ 8. g3
Bxc3+ 9. bxc3 Qh5 10. Be3 Nge7 11. Bd3 f5 12. O-O Ne5 13. exf5 Nxd3 14. Qxd3
O-O 15. g4 Qh3 16. Bg5 Nc6 17. Nxc6 Bxc6 18. Rf2 h5 19. c5 b5 20. Qf1 hxg4 21.
Qxh3 gxh3 22. f6 gxf6 23. Bf4 Kf7 24. Re1 Rg8+ 25. Bg3 f5 26. Kf1 Bd5 27. Rd2
c6 28. Re5 Kf6 29. f4 Rae8 30. Rxe8 Rxe8 31. Kf2 Re4 32. Rd3 Kf7 33. a3 Ra4 34.
Ke3 Ke8 35. Bh4 Bc4 36. Rd2 Rxa3 37. Kd4 Kf7 38. Ke5 Be6 39. Rd3 b4 40. Rxh3
bxc3 41. Bf6 c2 42. Rh7+ Kf8 0-1

[Event "2BLO 2122 FC Bayern München II - SC Er"]
[Site "?"]
[Date "2022.03.05"]
[Round "1.4"]
[White "Unzicker, Ferdinand"]
[Black "Schulz, Lukas"]
[Result "1-0"]
[WhiteElo "2325"]
[BlackElo "2301"]
[PlyCount "41"]
[EventDate "2022.??.??"]

1. d4 Nf6 2. c4 g6 3. Nc3 Bg7 4. e4 d6 5. f3 O-O 6. Nge2 c5 7. d5 Nbd7 8. Ng3
a6 9. a4 h5 10. Be2 Re8 11. O-O e6 12. Bg5 Qa5 13. dxe6 Rxe6 14. f4 Nh7 15. f5
Re8 16. fxg6 fxg6 17. Qxd6 Qb6 18. Qd2 Nxg5 19. Qxg5 Ne5 20. Nd5 Qd8 21. Nf6+
1-0

[Event "2BLO 2122 FC Bayern München II - SC Er"]
[Site "?"]
[Date "2022.03.05"]
[Round "1.5"]
[White "Hilverda, Alexander"]
[Black "Hoeglauer, Patrick"]
[Result "1/2-1/2"]
[WhiteElo "2282"]
[BlackElo "2273"]
[PlyCount "100"]
[EventDate "2022.??.??"]

1. d4 Nf6 2. c4 e6 3. Nc3 Bb4 4. Qc2 c5 5. dxc5 Na6 6. a3 Bxc3+ 7. Qxc3 Nxc5 8.
f3 a5 9. e4 d6 10. Be3 Qc7 11. Rd1 O-O 12. Qd4 Ne8 13. e5 Nb3 14. Qd3 Nc5 15.
Qd4 Nb3 16. Qc3 a4 17. exd6 Nxd6 18. Bf4 Rd8 19. Bd3 Nc5 20. Ne2 f6 21. O-O e5
22. Be3 Be6 23. Qb4 Nxd3 24. Rxd3 Nxc4 25. Rc3 Qf7 26. Bf2 Nd2 27. Rfc1 Nb3 28.
Re1 Qd7 29. Ng3 Rac8 30. Ne4 b5 31. Bb6 Re8 32. Nd6 Rxc3 33. bxc3 Rb8 34. Be3
Qc6 35. Ba7 Ra8 36. Be3 Rd8 37. Rd1 Nd4 38. cxd4 Rxd6 39. Rc1 Qb6 40. Rc5 exd4
41. Bxd4 Qd8 42. Bc3 Rd1+ 43. Kf2 Bc4 44. Rc6 Qe8 45. Qc5 Rf1+ 46. Kg3 Qg6+ 47.
Kh4 Qh6+ 48. Kg3 Qg6+ 49. Kh4 Qh6+ 50. Kg3 Qg6+ 1/2-1/2

[Event "2BLO 2122 FC Bayern München II - SC Er"]
[Site "?"]
[Date "2022.03.05"]
[Round "1.6"]
[White "Webersberger, Johann"]
[Black "Ott, Florian"]
[Result "1-0"]
[WhiteElo "2321"]
[BlackElo "2287"]
[PlyCount "71"]
[EventDate "2022.??.??"]

1. c4 c5 2. g3 g6 3. Bg2 Bg7 4. Nc3 Nc6 5. a3 d6 6. Rb1 a5 7. d3 e5 8. Nf3 Nge7
9. h4 h6 10. Nd5 Nxd5 11. cxd5 Ne7 12. e4 a4 13. b4 axb3 14. Qxb3 O-O 15. Nd2
f5 16. Qb6 Qd7 17. Nc4 Ra6 18. Qb5 Qc7 19. Nb6 fxe4 20. dxe4 Bg4 21. O-O Nc8
22. Nxc8 Bxc8 23. Kh2 g5 24. hxg5 hxg5 25. Bxg5 Qf7 26. Qe2 Rxa3 27. Rb6 Qc7
28. Rfb1 Ra6 29. Rxa6 bxa6 30. Bh3 Bxh3 31. Kxh3 c4 32. Be3 Rc8 33. Qg4 c3 34.
Qe6+ Kf8 35. Rb6 Qc4 36. Rb7 1-0

[Event "2BLO 2122 FC Bayern München II - SC Er"]
[Site "?"]
[Date "2022.03.05"]
[Round "1.7"]
[White "Liepold, Stefan"]
[Black "Reich, Thomas"]
[Result "0-1"]
[WhiteElo "2188"]
[BlackElo "2352"]
[PlyCount "82"]
[EventDate "2022.??.??"]

1. e4 c5 2. Nf3 Nc6 3. d4 cxd4 4. Nxd4 g6 5. c4 Bg7 6. Be3 Nf6 7. Nc3 O-O 8.
Be2 d6 9. Qd2 Bd7 10. f3 Nxd4 11. Bxd4 a5 12. O-O Bc6 13. Kh1 Nd7 14. Bxg7 Kxg7
15. Qd4+ Kg8 16. f4 Qb6 17. Qd2 Nc5 18. Bf3 a4 19. Rad1 Rfd8 20. g4 Qb4 21. Qd4
Ne6 22. Qe3 Qxc4 23. f5 Qc5 24. Qh6 Nf8 25. Nd5 Bxd5 26. exd5 a3 27. Be4 Qb4
28. Qf4 Ra4 29. Rde1 f6 30. b3 g5 31. Qc1 Raa8 32. Bf3 Rac8 33. Qe3 Rd7 34. Rc1
Rdc7 35. Rxc7 Rxc7 36. Be2 Qc3 37. Qe4 Qe5 38. Qxe5 fxe5 39. f6 exf6 40. Rxf6
Rc2 41. Bc4 Rxa2 0-1

[Event "2BLO 2122 FC Bayern München II - SC Er"]
[Site "?"]
[Date "2022.03.05"]
[Round "1.8"]
[White "Lentrodt, Thomas"]
[Black "Willim, Michael"]
[Result "1/2-1/2"]
[WhiteElo "2257"]
[BlackElo "2097"]
[PlyCount "64"]
[EventDate "2022.??.??"]

1. d4 d5 2. Nf3 Nf6 3. c4 c6 4. Nbd2 Bf5 5. Qb3 Qc7 6. e3 e6 7. Bd3 Bxd3 8.
Qxd3 Nbd7 9. O-O Bd6 10. e4 dxe4 11. Nxe4 Nxe4 12. Qxe4 O-O 13. Bg5 c5 14. Rad1
Rfe8 15. Rfe1 h6 16. Bc1 Rad8 17. h3 cxd4 18. Nxd4 a6 19. b3 Nf6 20. Qe2 Bb4
21. Rf1 Rd7 22. Nc2 Bd6 23. Bb2 Be7 24. Rxd7 Qxd7 25. Rd1 Qc8 26. Rd3 Rd8 27.
Qd1 Rxd3 28. Qxd3 Qc7 29. Bc3 Qf4 30. Bd2 Qe5 31. Bc3 Qf4 32. Bd2 Qe5 1/2-1/2

[Event "2BLO 2122 MSA Zugzwang - SV Deggendorf"]
[Site "?"]
[Date "2022.03.05"]
[Round "1.1"]
[White "Sedlak, Nikola"]
[Black "Short, Nigel D"]
[Result "1/2-1/2"]
[WhiteElo "2503"]
[BlackElo "2620"]
[PlyCount "74"]
[EventDate "2022.??.??"]

1. e4 e5 2. Nf3 Nc6 3. g3 f5 4. exf5 d5 5. d4 Bxf5 6. dxe5 Bc5 7. Bg2 Nge7 8.
O-O O-O 9. Bg5 Qd7 10. Bxe7 Nxe7 11. Nd4 Bg4 12. Qd2 Bb6 13. a4 c5 14. a5 Bc7
15. e6 Qe8 16. Nb3 c4 17. Nd4 Qh5 18. Nc3 a6 19. Na4 Rf6 20. h4 Re8 21. Nc5 Be5
22. c3 h6 23. Rae1 Nc6 24. Re3 Bxd4 25. cxd4 Re7 26. Rfe1 Kh8 27. b3 cxb3 28.
Rxb3 g5 29. Rxb7 gxh4 30. Rxe7 Nxe7 31. Re5 Qg6 32. Nd7 Rxe6 33. Rxe6 Qxe6 34.
Ne5 hxg3 35. Nxg4 Qxg4 36. Qxh6+ Kg8 37. fxg3 Qxd4+ 1/2-1/2

[Event "2BLO 2122 MSA Zugzwang - SV Deggendorf"]
[Site "?"]
[Date "2022.03.05"]
[Round "1.2"]
[White "Mons, Leon"]
[Black "Delchev, Aleksander"]
[Result "1/2-1/2"]
[WhiteElo "2537"]
[BlackElo "2492"]
[PlyCount "95"]
[EventDate "2022.??.??"]

1. Nf3 d5 2. e3 Nf6 3. c4 e6 4. Nc3 a6 5. d4 c5 6. cxd5 exd5 7. Bd3 cxd4 8.
exd4 Nc6 9. h3 Bd6 10. O-O Be6 11. Re1 O-O 12. Bg5 h6 13. Bh4 Re8 14. Qd2 Be7
15. Rac1 Rc8 16. Bb1 Ne4 17. Nxe4 dxe4 18. Rxe4 Bxh4 19. Rxh4 Bd5 20. Qd3 g6
21. Qd2 Bxf3 22. Qxh6 Qf6 23. gxf3 Qg7 24. Qxg7+ Kxg7 25. Kg2 Rcd8 26. Re4 Nxd4
27. Rc7 b5 28. a3 Re6 29. Rf4 Rf6 30. Rxf6 Kxf6 31. Ba2 Kg5 32. Bxf7 Nf5 33.
Rc6 Nh4+ 34. Kf1 Rd2 35. b4 Kf4 36. Rf6+ Ke5 37. Re6+ Kf4 38. Rf6+ Ke5 39. Rxa6
g5 40. Bh5 Ra2 41. Bf7 Ra1+ 42. Ke2 Ng2 43. Kd2 Nf4 44. Kc3 Rc1+ 45. Kb3 Rb1+
46. Kc3 Rc1+ 47. Kb3 Rb1+ 48. Kc3 1/2-1/2

[Event "2BLO 2122 MSA Zugzwang - SV Deggendorf"]
[Site "?"]
[Date "2022.03.05"]
[Round "1.3"]
[White "Stojanovic, Dalibor"]
[Black "Shengelia, David"]
[Result "0-1"]
[WhiteElo "2481"]
[BlackElo "2494"]
[PlyCount "96"]
[EventDate "2022.??.??"]

1. e4 c6 2. d4 d5 3. Nc3 dxe4 4. Nxe4 Nf6 5. Nxf6+ exf6 6. Bc4 Bd6 7. Qe2+ Qe7
8. Qxe7+ Kxe7 9. Ne2 Be6 10. Bb3 a5 11. c3 a4 12. Bc2 Re8 13. Be3 Kf8 14. O-O
Bc4 15. Rfe1 Nd7 16. Ng3 b5 17. Bf5 Be6 18. Bxe6 fxe6 19. Ne2 Nb6 20. Bf4 Rad8
21. Rad1 Kf7 22. g3 Nc4 23. Bc1 b4 24. cxb4 Bxb4 25. Rf1 Rb8 26. Rd3 e5 27.
dxe5 Nxe5 28. Re3 Ng4 29. Rxe8 Rxe8 30. Nf4 Bc5 31. Nd3 Bd4 32. h3 Ne5 33.
Nxe5+ fxe5 34. Re1 Ke6 35. Re2 Kd5 36. Kf1 c5 37. Ke1 Rf8 38. f4 e4 39. Kf1 Rb8
40. g4 c4 41. Rc2 a3 42. bxa3 c3 43. Ke2 Rb2 44. Bxb2 cxb2 45. Rxb2 Bxb2 46. a4
Bc1 47. f5 Ke5 48. a5 Ba3 0-1